10 सॉल्वड पेपर्स (2004-2009) सी डी एस परीक्षाः (Record no. 35942)

MARC details
000 -LEADER
fixed length control field 01631nam a22002417a 4500
005 - DATE AND TIME OF LATEST TRANSACTION
control field 20100508123557.0
008 - FIXED-LENGTH DATA ELEMENTS--GENERAL INFORMATION
fixed length control field 100508t xxu||||| |||| 00| 0 hin d
020 ## - INTERNATIONAL STANDARD BOOK NUMBER
International Standard Book Number 9788183481472
Terms of availability 250.00
035 ## - SYSTEM CONTROL NUMBER
System control number B-406483
037 ## - SOURCE OF ACQUISITION
Source of stock number/acquisition DBAD/VEN/सुरेन्द्र कुमार एंड संस
040 ## - CATALOGING SOURCE
Original cataloging agency DPL
Language of cataloging HN
082 ## - DEWEY DECIMAL CLASSIFICATION NUMBER
Classification number 000
245 ## - TITLE STATEMENT
Title 10 सॉल्वड पेपर्स (2004-2009) सी डी एस परीक्षाः
Remainder of title सम्मिलित रक्षा सेवा /(संघ लोक सेवा आयोग द्वारा आयोजित) /
260 ## - PUBLICATION, DISTRIBUTION, ETC. (IMPRINT)
Place of publication, distribution, etc मेरठ
Name of publisher, distributor, etc अरिहन्त पब्लिकेशन्स
Date of publication, distribution, etc 2009
270 ## - ADDRESS
Address कालिन्दी, ट्रांसपोर्ट,नगर
City मेरठ
Telephone number 0121-2401479
Fax number 0121- 2401648
Electronic mail address info@arihantbooks.com
300 ## - PHYSICAL DESCRIPTION
Extent वि.पृ
Dimensions 24सेमी (अजिल्द)
490 ## - SERIES STATEMENT
Series statement CDSE Study Skills
500 ## - GENERAL NOTE
General note डी.वी.ए.डी में प्राप्त पुस्तकें वी.पी.पी.डी.में उपहरा स्वरूप दी गई
500 ## - GENERAL NOTE
General note
942 ## - ADDED ENTRY ELEMENTS (KOHA)
Source of classification or shelving scheme Dewey Decimal Classification
Item type Hindi Books
Call number suffix दससॉ
Classification part 000
Holdings
Withdrawn status Lost status Source of classification or shelving scheme Damaged status Not for loan Home library Current library Date acquired Source of acquisition Cost, normal purchase price Total Checkouts Total Renewals Full call number Barcode Date last seen Copy number Cost, replacement price Koha item type
  Written-off vide DLB M. No. 383 dt 16.05.19 Dewey Decimal Classification     Janak Puri Janak Puri 11/05/2010 DBAD/VEN/सुरेन्द्र कुमार एंड संस 250.00 26 6 000 दससॉ B-406483 28/06/2018 1 250.00 Hindi Books

© Delhi Public Library
Hit Counter
free hit counter